000 00520nam a22002057a 4500
003 OSt
005 20180116183016.0
008 151006b xxu||||| |||| 00| 0 eng d
020 _a9788131772058
040 _a0
_c0
082 _a302.35 SIN 2013
100 _aKavita Singh
245 _aOrganizational Behaviour
_bText and Cases
_cKavita Singh
250 _a2nd
260 _aDelhi
_bPearson
_c2013
300 _a560 P.
_bPB
440 _aOrganizational Behaviour
600 _aKavita Singh
942 _2ddc
_cBK
999 _c350397
_d350397